The role of the Media in the Rwandan genocide (Record no. 132755)

MARC details
000 -LEADER
fixed length control field 00692nam a2200217 a 4500
008 - FIXED-LENGTH DATA ELEMENTS--GENERAL INFORMATION
fixed length control field
049 ## - LOCAL HOLDINGS (OCLC)
Holding library MAIN
090 ## - LOCALLY ASSIGNED LC-TYPE CALL NUMBER (OCLC); LOCAL CALL NUMBER (RLIN)
Classification number (OCLC) (R) ; Classification number, CALL (RLIN) (NR) P96.W35
Local cutter number (OCLC) ; Book number/undivided call number, CALL (RLIN) UNI
003 - CONTROL NUMBER IDENTIFIER
control field
005 - DATE AND TIME OF LATEST TRANSACTION
control field 20230123124929.0
040 ## - CATALOGING SOURCE
Transcribing agency NUST
110 ## - MAIN ENTRY--CORPORATE NAME
Corporate name or jurisdiction name as entry element University for peace.
245 10 - TITLE STATEMENT
Title The role of the Media in the Rwandan genocide
Remainder of title short readings /
Statement of responsibility, etc. University for peace.
260 ## - PUBLICATION, DISTRIBUTION, ETC.
Place of publication, distribution, etc. University for peace :
Name of publisher, distributor, etc. Institute For Media,Peace and Security,
Date of publication, distribution, etc. 2005
300 ## - PHYSICAL DESCRIPTION
Extent 242 p. ;
Dimensions 24 cm.
440 ## - SERIES STATEMENT/ADDED ENTRY--TITLE
Title The role of media in the Rwandan genocide.
650 ## - SUBJECT ADDED ENTRY--TOPICAL TERM
Topical term or geographic name entry element Genocide
General subdivision Rwanda.
650 #1 - SUBJECT ADDED ENTRY--TOPICAL TERM
Topical term or geographic name entry element Mass Media.
907 ## - LOCAL DATA ELEMENT G, LDG (RLIN)
a .b10260353
b 24-09-15
c 17-02-09
942 ## - ADDED ENTRY ELEMENTS (KOHA)
Koha item type Ordinary Loan Books
Call number prefix P96.W35
Call number suffix UNI
Holdings
Date last seen Total Checkouts Full call number Barcode Cost, replacement price Price effective from Koha item type Lost status Source of classification or shelving scheme Damaged status Not for loan Collection Withdrawn status Home library Current library Shelving location Date acquired Cost, normal purchase price
01/23/2023 5 P96.W35 UNI 92004009711 80.00 01/23/2023 BOOKS   LCC     NFIC   MAIN MAIN GEN 01/23/2023 80.00